000 00214 a2200097 4500
001 8519
100 _aHunsaker,P.L
245 _aThe art of managing people
260 _a
_bSimon & Schuster
_c
090 _c6849
_d6849
942 _aNUST-CAE
_cM
_c33432
999 _c243592
_d243592